000 02219cam a2200577 4500
001 21208
003 VRT
005 20260224155249.0
008 210701s2018 xo f cr 000 f slo
015 _aSNBA2020/08
020 _a9788089956258
_q(viazané)
035 _aurn:nbn:sk:snk-am00fg2m
035 _aurn:nbn:sk:snk-am3isf4
035 _a919A712B-D797-415D-B280-70682D09D103
039 9 _a202410072103
_bAUTHORITY
_c202410072041
_dAUTHORITY
_c202410071913
_dAUTHORITY
_c202107010856
_dVLOAD
040 _aTTKJF
_bslo
_dTTKJF
_dSNK
_erda
041 1 _aslo
_hger
044 _axo
_cSK
072 7 _a821.112.2-3
_xNemecká próza, nemecky písaná
_2konspekt
072 7 _a821-93
_xLiteratúra pre deti a mládež (beletria)
_2konspekt
080 _a821.112.2-31
_22011
080 _a(0:82-312.9)
_22011
080 _a82-93
_22011
100 1 _aEnde, Michael,
_d1929-1995
_4aut
240 1 0 _aMomo oder Die seltsame Geschichte von den Zeit-Dieben
_lSlovensky
245 1 0 _aDievčatko Momo a stratený čas
_cMichael Ende ; preklad: Margita Príbusová ; ilustrácie: Nikola Aronová
250 _a2. vydanie
264 1 _aBratislava
_bVerbarium
_c2018
300 _a295 strán
_bilustrované listy
_c21 cm
336 _atext
_btxt
_2rdacontent
337 _abez média
_bn
_2rdamedia
338 _azväzok
_bnc
_2rdacarrier
500 _aObsahuje biografické údaje o autorovi a ilustrátorke
500 _aPreložené z nemčiny
521 8 _aPre čitateľov od rokov 9 rokov
650 0 7 _aliteratúra pre deti a mládež
_2SNKPH
650 0 7 _aChildren's and juvenile literature
_2SNKPHeng
655 7 _anemecké romány
_2SNKPH
655 7 _afantasy romány
_2SNKPH
655 7 _aGerman fiction
_2SNKPHeng
655 7 _aFantasy novels
_2SNKPHeng
700 1 _aPríbusová, Margita,
_d1919-1997
_4trl
700 1 _aAronová, Nikola,
_d1994-
_4ill
910 _asnk
942 _2ddc
_cKLDO
_n0
949 _63870A27040
_abinIL 1528
_bbin27040
949 _617A1426559
_asnkSC 188822
_bsnk2020/9651
_o2430/2019
_s6100:20200811
949 _6273K0641373
_asvkpoA 241042
_bsvkpo633049
949 _617A1426560
_asnkSC 188822 D1
_bsnk2020/9652
_o2430/2019
949 _60174032973
_alesknPRINT
_blesknBD2020/26161
999 _c21208
_d21208